00649nam a2200193Ia 450000500170000000800410001702000180005804000180007604100080009408200230010210000200012524500910014525000510023626000500028730000300033765000220036765000450038970000210043420220215100615.0210716s2009 xx 000 0 und d a9788180545405 cAIMIT LIBRARY aeng a658.001 219bVARR aVarshney, R. L. aManagerial economics: btext problems and cases /cBy R.L.Varshney and K.L.Maheshwari. a19thbNineteenth Revised and Enlarged Edition. aNew Delhi :bSulthan Chand and Sons ,c2009 . axx,684, A-169p. ;c24 cm. aProfit Management aLinear Programming for Economic Analysis aMaheshwari, K.L.